The Principles for Ethics, Integrity & Aptitude: (Record no. 184457)

MARC details
000 -LEADER
fixed length control field 00672nam a22001817a 4500
005 - DATE AND TIME OF LATEST TRANSACTION
control field 20220120151755.0
010 ## - LCCN (DPL NO)
LC control number ENG-131278
020 ## - INTERNATIONAL STANDARD BOOK NUMBER
International Standard Book Number 978-93-89728-47-7
Terms of availability 270.00
035 ## - SYSTEM CONTROL NUMBER
System control number EN-114810
037 ## - SOURCE OF ACQUISITION
Source of stock number/acquisition DBAD
082 ## - DEWEY DECIMAL CLASSIFICATION NUMBER
Classification number 174.93
100 ## - MAIN ENTRY--PERSONAL NAME
Personal name Kamal, Piyush
245 ## - TITLE STATEMENT
Title The Principles for Ethics, Integrity & Aptitude:
Remainder of title A Complete manual for GS Paper-IV/
Statement of responsibility, etc Piyush Kamal
260 ## - PUBLICATION, DISTRIBUTION, ETC. (IMPRINT)
Place of publication, distribution, etc New Delhi
Name of publisher, distributor, etc Unique Publishers Pvt. Ltd
Date of publication, distribution, etc 2022
270 ## - ADDRESS
City New Delhi
Address J-2/1, Block B-1, Mohan Cooperative Industrial Estate, Mathura Road
Postal code 110044
Telephone number 41076666, 8744061818
Electronic mail address info@uniquepublishers.in
300 ## - PHYSICAL DESCRIPTION
Extent 282p.
Dimensions 24cm(pbk)
942 ## - ADDED ENTRY ELEMENTS (KOHA)
Source of classification or shelving scheme Dewey Decimal Classification
Item type English Books
Classification part 174.93
Call number suffix KAM
Holdings
Withdrawn status Lost status Not for loan Collection code Home library Current library Date acquired Source of acquisition Cost, normal purchase price Full call number Barcode Copy number Cost, replacement price Koha item type
      Non-fiction Sarojini Nagar Sarojini Nagar 20/01/2022 DBAD/PUB 270.00 174.93 KAM EN-114810 1 270.00 English Books

© Delhi Public Library
Hit Counter
free hit counter